Mosaic 2 : Teacher's edition with tests

Interactions Mosaic, Silver Edition is the newly revised five-level, four-skill comprehensive ESL/EFL series designed to prepare students for academic content. The themes are integrated across proficiency levels and the levels are articulated across skill strands. The series combines communicative a...

全面介紹

Đã lưu trong:
書目詳細資料
主要作者: Blass, Laurie
格式: 圖書
語言:Undetermined
出版: New York McGraw Hill 2007
主題:
標簽: 添加標簽
沒有標簽, 成為第一個標記此記錄!
Thư viện lưu trữ: Trung tâm Học liệu Trường Đại học Cần Thơ
LEADER 01153nam a2200241Ia 4500
001 CTU_133373
008 210402s9999 xx 000 0 und d
020 |c 506000 
082 |a 428.0071 
082 |b M894t 
100 |a Blass, Laurie 
245 0 |a Mosaic 2 : 
245 0 |b Teacher's edition with tests 
245 0 |c Laurie Blass, Meredith Pike-Baky ; edited by Amy Lawler 
260 |a New York 
260 |b McGraw Hill 
260 |c 2007 
520 |a Interactions Mosaic, Silver Edition is the newly revised five-level, four-skill comprehensive ESL/EFL series designed to prepare students for academic content. The themes are integrated across proficiency levels and the levels are articulated across skill strands. The series combines communicative activities with skill-building exercises to boost students' academic success. 
650 |a English language,Ngôn ngữ tiếng Anh 
650 |x Writing,Kỹ năng viết 
904 |i Quang Hiếu 
910 |a H.Mai chuyển số PL về 428.0071 dùng cho cả bộ, mã hóa cutter theo tên sách 
980 |a Trung tâm Học liệu Trường Đại học Cần Thơ